El cine de Raúl Ruiz. Fantasmas, simulacros y artificios

Gorde:
Xehetasun bibliografikoak
Egile Nagusiak: Ríos, Valeria de los (Egilea), Pinto, Iván (Egilea)
Formatua: Liburua
Hizkuntza:gaztelania
Argitaratua: Santiago, Chile Uqbar Editores 2010
Saila:Libros del Bicentenario
Gaiak:
Etiketak: Etiketa erantsi
Etiketarik gabe, Izan zaitez lehena erregistro honi etiketa jartzen!

MARC

LEADER 00000cam a2200000 a 4500
001 UCC8398
003 CL-VaPUC
005 20250206114201.0
008 190628e20100000cl |||||||||||||||||spa|d
999 |c 374734  |d 374732 
020 |a 9789568601782 
040 |c Pontificia Universidad Católica de Valparaíso 
082 0 4 |a 791.4309 RIO 2010  |2 21 
100 0 |a Ríos, Valeria de los  |e author  |9 603076 
245 1 3 |a El cine de Raúl Ruiz.   |b Fantasmas, simulacros y artificios 
260 |a Santiago, Chile   |b Uqbar Editores  |c 2010 
300 |a 345 páginas  
440 |a Libros del Bicentenario  |9 856941 
583 |a last modification  |c 20190628 11:05:00  |k Rodrigo Vera 
600 0 7 |a RUIZ, RAUL  |2 CL-VaPUC  |9 269308 
650 0 |a Directores de cine  |9 368705 
650 0 |a Productores y directores de cine  |9 266427 
700 0 |a Pinto, Iván  |e author  |9 603077 
852 |a BIBART 
942 |c BK  |2 ddc 
945 |d 20190628 11:05:00  |a dcastane 
952 |0 0  |1 0  |2 ddc  |3 erb  |4 0  |6 791_430900000000000_RIO_2010  |7 0  |8 A  |9 493435  |a FDOSRS  |b FDOSRS  |d 2019-06-24  |e 14  |g 20400.00  |i 5554314  |o 791.4309 RIO 2010  |p 5554314  |r 2023-01-11  |v 20400.00  |w 2019-11-24  |y BK  |z Catalogado en:20190628  |k ART